Normal view MARC view
  • Naushad, Wasifa

Entry Personal Name

Number of records used in: 1

001 - CONTROL NUMBER

  • control field: 124147

003 - CONTROL NUMBER IDENTIFIER

  • control field: NUST

005 - DATE AND TIME OF LATEST TRANSACTION

  • control field: 20240708094110.0

008 - FIXED-LENGTH DATA ELEMENTS

  • fixed length control field: 240708|| aca||aabn | a|a d

040 ## - CATALOGING SOURCE

  • Original cataloging agency: NUST
  • Transcribing agency: NUST

100 ## - HEADING--PERSONAL NAME

  • Personal name: Naushad, Wasifa

670 ## - SOURCE DATA FOUND

  • Source citation: Work cat.: (NUST): Naushad, Wasifa, Investigation of Oncogenic Potential of Mouse Mammary Tumor Virus (MMTV) in Breast Cancer/
© 2023 Central Library, National University of Sciences and Technology. All Rights Reserved.